| 000 | 01514nam a22002297a 4500 | ||
|---|---|---|---|
| 003 | OSt | ||
| 005 | 20241113151249.0 | ||
| 008 | 241113b ||||| |||| 00| 0 spa d | ||
| 020 | _a9788431542191 | ||
| 040 | _cCO-Mq BPB | ||
| 041 | _aspa | ||
| 082 |
_a636.7 _bG65p |
||
| 100 |
_aGómez Ferran, Anna _eautor |
||
| 245 | _aPeluquería Canina | ||
| 264 |
_aBarcelona; _bEditorial De Vecchi, S.A.U _c2010 |
||
| 300 |
_a152 páginas _bTapa dura, ilustraciones a color _c25 cm |
||
| 521 | _aEn la última década, la peluquería canina ha experimentando en nuestro país un desarrollo espectacular. Lo que hasta hace unos años era un oficio artesano ha ido evolucionando hasta convertirse en una profesión artística en la que hay que trabajar con creatividad e imaginación. La autora, gran experta, vuelca en esta obra toda su experiencia didáctica que aplica en su profesión y trasmite a sus alumnos: características de los distintos tipos de manto canino, técnicas de acicalamiento más habituales, estrategias a seguir con cada raza. También da respuesta a las preguntas que los aficionados se plantean con más frecuencia y aporta información detallada sobre las principales razas que requieren un arreglo especial de manto. En definitiva, una obra que servirá de guía y apoyo a los nuevos peluqueros y a todos aquellos que deseen iniciarse en la peluquería canina. | ||
| 650 | _aPeluquería canina | ||
| 650 | _aAgropecuarios y Zootecnia | ||
| 650 | _aAnimales de compañia | ||
| 942 |
_2ddc _cBK |
||
| 999 |
_c15752 _d15752 |
||